World Currency Challenge: Rare and Uncommon Edition - Statistics

General Stats
  • This quiz has been taken 53 times
  • The average score is 52 of 94
Answer Stats
Countries Currency % Correct
Antigua and Barbuda, Australia, Bahamas, Barbados, Belize, Brunei, Canada, Dominica, East Timor, Ecuador, El Salvador, Fiji, Grenada, Guyana, Jamaica, Kiribati, Liberia, Marshall Islands, Micronesia (Fed. States), Namibia, Nauru, New Zealand, Palau, St. Kitts and Nevis, St. Lucia, St. Vincent and the Grenadines, Singapore, Solomon Islands, Suriname, Taiwan, Trinidad and Tobago, Tuvalu, United States Dollar
100%
Andorra, Austria, Belgium, Croatia, Cyprus, Estonia, Finland, France, Germany, Greece, Ireland, Italy, Kosovo, Latvia, Lithuania, Luxembourg, Malta, Monaco, Montenegro, Netherlands, Portugal, San Marino, Slovakia, Slovenia, Spain, Vatican City Euro
100%
Egypt, Lebanon, South Sudan, Sudan, Syria, United Kingdom Pound
94%
India, Mauritius, Nepal, Pakistan, Seychelles, Sri Lanka Rupee
94%
Algeria, Bahrain, Iraq, Jordan, Kuwait, Libya, Serbia, Tunisia Dinar
92%
Benin, Burkina Faso, Burundi, Cameroon, Central African Republic, Chad, Comoros, Congo (Dem. Rep.), Congo (Rep.), Côte d'Ivoire, Djibouti, Equatorial Guinea, Gabon, Guinea, Guinea-Bissau, Liechtenstein, Mali, Niger, Rwanda, Senegal, Switzerland, Togo Franc
92%
Argentina, Chile, Colombia, Cuba, Dominican Republic, Mexico, Philippines, Uruguay Peso
92%
Turkey Lira
83%
Russia Ruble
81%
Sweden Krona
78%
Belarus Ruble
78%
Thailand Baht
72%
Denmark Krone
72%
Norway Krone
72%
Brazil Real
72%
Israel Shekel
72%
South Korea Won
72%
Japan Yen
72%
China Yuan
72%
Poland Złoty
72%
Bulgaria Lev
69%
Vietnam Dong
67%
Hungary Forint
67%
South Africa Rand
67%
North Korea Won
67%
Saudi Arabia Riyal
64%
Indonesia Rupiah
64%
Afghanistan Afghani
61%
Bolivia Boliviano
61%
Czech Republic Koruna
61%
Iceland Krona
61%
Kenya Shilling
61%
Venezuela Bolívar
58%
United Arab Emirates Dirham
58%
Paraguay Guaraní
58%
Ukraine Hryvnia
58%
Albania Lek
58%
Romania Leu
58%
Bosnia & Herzegovina Mark
58%
Tanzania Shilling
58%
Peru Sol
58%
Costa Rica Colón
56%
North Macedonia Denar
56%
Sierra Leone Leone
53%
Morocco Dirham
50%
Zimbabwe Gold
50%
Haiti Gourde
50%
Georgia Lari
50%
Moldova Leu
50%
Malaysia Ringgit
50%
Vanuatu Vatu
50%
Madagascar Ariary
47%
Panama Balboa
47%
Ethiopia Birr
47%
Laos Kip
47%
Angola Kwanza
47%
Honduras Lempira
47%
Nigeria Naira
47%
Guatemala Quetzal
47%
Yemen Rial
47%
Oman Rial
47%
Uzbekistan Som
47%
Nicaragua Córdoba
44%
Tonga Paʻanga
44%
Botswana Pula
44%
Iran Rial
44%
Qatar Riyal
44%
Uganda Shilling
44%
Somalia Shilling
44%
Mongolia Tögrög
44%
Armenia Dram
42%
Cape Verde Escudo
42%
Zambia Kwacha
42%
Myanmar Kyat
42%
Azerbaijan Manat
42%
Mozambique Metical
42%
Bhutan Ngultrum
42%
Tajikistan Somoni
42%
Bangladesh Taka
42%
Samoa Tālā
42%
Gambia Dalasi
39%
Turkmenistan Manat
39%
Eritrea Nakfa
39%
Kyrgyzstan Som
39%
Kazakhstan Tenge
39%
Ghana Cedi
36%
Sao Tome & Principe Dobra
36%
Papua New Guinea Kina
36%
Malawi Kwacha
36%
Eswatini Lilangeni
36%
Lesotho Loti
36%
Mauritania Ouguiya
36%
Cambodia Riel
33%
Maldives Rufiyaa
33%
No matching quizzes found
Score Distribution
Percent of People with Each Score
Percentile by Number Answered
Your Score History
You have not taken this quiz